One night in doom house

Bibliographic Details
Main Author: Stine, R.L
Corporate Author: Title
Format: Book
Published: New York : Delacorte Press , 2005
Series:Mostly ghostly
Subjects:

MARC

LEADER 00000cam a2200000 7i4500
001 0000002663
005 20151222.0
008 070713
020 |a 0385746652 
090 0 0 |a JF   |b ENG 
100 1 |a Stine, R.L. 
245 1 0 |a One night in doom house   |c R.L. Stine 
260 |a New York :   |b Delacorte Press ,   |c 2005 
440 |a Mostly ghostly 
500 |a Children ages 10-12 years old (pink) 
650 0 |a Horror 
650 0 |a Junior fiction   |x English   |x Languages 
710 0 |a Title 
999 |a 0000966187   |b Book   |c Children Collection   |e Cawangan Tangkak 
999 |a 0000966188   |b Book   |c Children Collection   |e Cawangan Taman Sri Lambak 
999 |a 0000966189   |b Book   |c Children Collection   |e Perbadanan Perpustakaan Awam Johor 
999 |a 0001131059   |b Book   |c Children Collection   |e Cawangan Mersing